Eneida; tomo ii /

Guardado en:
Autor Principal: Virgilio
Formato: Libro
Publicado: Buenos Aires : Sopena, 1946
Series:Bibl. Mundial Sopena
Materias:
Etiquetas: Agregar Etiqueta
Sin Etiquetas, Sea el primero en etiquetar este registro!
LEADER 00512nam a22001935a 4500
001 CEM.cems006591
005 20060214000000.0
008 130507s1946##################000#0#####d
003 CEMS
082 0 4 |a 873 
100 1 |a Virgilio 
245 1 0 |a Eneida; tomo ii / 
260 |a Buenos Aires :  |b Sopena,  |c 1946 
300 |a 173 p. 
490 0 |a Bibl. Mundial Sopena 
653 |a Literatura 
653 |a Literatura latina 
653 |a Poesia epica latina 
859 |a CEMS  |b BIB. CEMS - 11 de abril  |h 873  |i V819-2/II  |p 10994.82  |t Ej.1